|
|
|
|
| LEADER |
00000nam0a2200000 4500 |
| 001 |
372144 |
| 005 |
20231102012440.0 |
| 010 |
|
|
|a 5247002806
|
| 035 |
|
|
|a (RuTPU)RU\TPU\retro\29565
|
| 035 |
|
|
|a RU\TPU\book\124904
|
| 090 |
|
|
|a 372144
|
| 100 |
|
|
|a 20221214d1988 k y0rusy50 ca
|
| 101 |
0 |
|
|a rus
|
| 102 |
|
|
|a RU
|
| 105 |
|
|
|a a z 001zy
|
| 200 |
1 |
|
|a Тепловые методы разработки нефтяных месторождений
|f Н. К. Байбаков, А. Р. Гарушев
|
| 205 |
|
|
|a 3-е изд., перераб. и доп.
|
| 210 |
|
|
|a Москва
|c Недра
|d 1988
|
| 215 |
|
|
|a 343 с.
|c ил.
|
| 320 |
|
|
|a Библиогр.: с. 339-340.
|
| 606 |
1 |
|
|a Нефтяные месторождения
|x Системы разработки
|x Интенсификация
|2 stltpush
|3 (RuTPU)RU\TPU\subj\45968
|9 65157
|
| 610 |
1 |
|
|a геология
|
| 610 |
1 |
|
|a разработка
|
| 610 |
1 |
|
|a тепловые методы
|
| 610 |
1 |
|
|a теплоносители
|
| 610 |
1 |
|
|a применение
|
| 610 |
1 |
|
|a внутрипластовое горение
|
| 610 |
1 |
|
|a теплоэнергетические установки
|
| 610 |
1 |
|
|a термические методы
|
| 610 |
1 |
|
|a геотермические методы
|
| 610 |
1 |
|
|a природные битумы
|
| 675 |
|
|
|a 622.276.6
|v 3
|
| 700 |
|
1 |
|a Байбаков
|b Н. К.
|g Николай Константинович
|
| 701 |
|
1 |
|a Гарушев
|b А. Р.
|g Александр Рубенович
|
| 801 |
|
1 |
|a RU
|b 63413507
|c 20070508
|g PSBO
|
| 801 |
|
2 |
|a RU
|b 63413507
|c 20221214
|g PSBO
|
| 900 |
|
|
|a Методы интенсификации добычи углеводородов и повышения компонентоотдачи пластов
|
| 942 |
|
|
|c BK
|